| 000 | 00538cam a22002171 4500 | ||
|---|---|---|---|
| 001 | sa 64000610 | ||
| 003 | DLC | ||
| 005 | 20260227111957.0 | ||
| 008 | 890815s1962 ii 000 0 beno | ||
| 010 | _asa 64000610 | ||
| 035 | _a(OCoLC)20183050 | ||
| 040 |
_aDLC _cWaU _dDLC |
||
| 042 | _apremarc | ||
| 050 | 0 | 0 |
_aPK1718.D74 _bZ722 |
| 100 | 1 | _aGupta, Kshetra. | |
| 245 | 1 | 0 | _aNāṭyakāra Madhusūdana. |
| 260 | _c[1962] | ||
| 300 |
_a255 p. _c22 cm. |
||
| 500 | _aIn Bengali. | ||
| 600 | 1 | 0 |
_aDutt, Michael Madhusudan, _d1824-1873. |
| 999 |
_c56348 _d56348 |
||